00790nam a2200169 a 450000500170000000800410001704000250005804100080008324500790009126000210017030000060019152003220019765000250051965000290054465000260057365000210059920150216093936.0140129b xxu||||| |||| 00| 0 spa d aCO-BoIAVHcCO-BoIAVH aspa aPLAN DE ORDENACIÓN Y MANEJO AMBIENTAL DE LA CUENCA CANE-IGUAQUE c2005 as.l.bs.e.cs.f. a. aConsolida el diagnóstico, desde diferentes perspectivas, de la cuenca, Específicamente contiene el diagnóstico biofísico, sociocultural, económico entre otros con el objeto de conocer la oferta ambiental de la cuenca como una línea base que permita orientar las acciones dentro del proceso de ordenación aAspectos biofísico aAspectos socioculturales aAspectos económicos aOferta ambiental